| 000 | 00631nam a22001697a 4500 | ||
|---|---|---|---|
| 999 |
_c63993 _d63993 |
||
| 005 | 20260305114544.0 | ||
| 008 | 260305s2006 enk||||| |||| 00| 0 eng d | ||
| 020 | _a9781403984760x | ||
| 041 | _aeng | ||
| 080 | _a316.722:008.1(73:520):791.228(73) K-27 | ||
| 100 |
_aKelts, Roland _927056 |
||
| 245 |
_aJapanamerica: _bHow Japanese Pop Culture Has Invaded the U.S. _c Roland Kelts. |
||
| 264 |
_aNew York : _bSt. Martin's Griffin, _c2006. |
||
| 300 |
_a227 p.; _b23 cm. |
||
| 653 | _aროგორ შეიჭრა იაპონურმა პოპ-კულტურამ აშშ-ში | ||
| 942 |
_2udc _cᲬᲘᲒᲜᲘ |
||